<?xml version="1.0" encoding="UTF-8"?>
<record
    xmlns:xsi="http://www.w3.org/2001/XMLSchema-instance"
    xsi:schemaLocation="http://www.loc.gov/MARC21/slim http://www.loc.gov/standards/marcxml/schema/MARC21slim.xsd"
    xmlns="http://www.loc.gov/MARC21/slim">

  <leader>01147nam a22002177a 4500</leader>
  <datafield tag="999" ind1=" " ind2=" ">
    <subfield code="c">64098</subfield>
    <subfield code="d">64098</subfield>
  </datafield>
  <controlfield tag="003">Ge_BSU</controlfield>
  <controlfield tag="005">20260330173626.0</controlfield>
  <controlfield tag="008">260330s2024    ge ||||| |||| 00| 0 geo d</controlfield>
  <datafield tag="020" ind1=" " ind2=" ">
    <subfield code="a">9789941870354</subfield>
  </datafield>
  <datafield tag="041" ind1=" " ind2=" ">
    <subfield code="a">geo</subfield>
  </datafield>
  <datafield tag="080" ind1=" " ind2=" ">
    <subfield code="a">342.565.2(479.22) &#x10E1;-19</subfield>
  </datafield>
  <datafield tag="245" ind1=" " ind2=" ">
    <subfield code="a">&#x10E1;&#x10D0;&#x10D9;&#x10DD;&#x10DC;&#x10E1;&#x10E2;&#x10D8;&#x10E2;&#x10E3;&#x10EA;&#x10D8;&#x10DD; &#x10E1;&#x10D0;&#x10DB;&#x10D0;&#x10E0;&#x10D7;&#x10D0;&#x10DA;&#x10EC;&#x10D0;&#x10E0;&#x10DB;&#x10DD;&#x10D4;&#x10D1;&#x10D0; /</subfield>
    <subfield code="c">&#x10D0;&#x10D5;&#x10E2;&#x10DD;&#x10E0;&#x10D4;&#x10D1;&#x10D8;:&#x10D3;. &#x10D2;&#x10D4;&#x10D2;&#x10D4;&#x10DC;&#x10D0;&#x10D5;&#x10D0;, &#x10D0;. &#x10D3;&#x10D4;&#x10DB;&#x10D4;&#x10E2;&#x10E0;&#x10D0;&#x10E8;&#x10D5;&#x10D8;&#x10DA;&#x10D8;, &#x10D6;. &#x10D6;&#x10D0;&#x10DC;&#x10D2;&#x10E3;&#x10E0;&#x10D0;&#x10E8;&#x10D5;&#x10D8;&#x10DA;&#x10D8; [&#x10D3;&#x10D0; &#x10E1;&#x10EE;&#x10D5;.]</subfield>
  </datafield>
  <datafield tag="264" ind1=" " ind2=" ">
    <subfield code="a">&#x10D7;&#x10D1;&#x10D8;&#x10DA;&#x10D8;&#x10E1;&#x10D8; :</subfield>
    <subfield code="b">&#x10E1;&#x10E3;&#x10DA;&#x10EE;&#x10D0;&#x10DC;-&#x10E1;&#x10D0;&#x10D1;&#x10D0; &#x10DD;&#x10E0;&#x10D1;&#x10D4;&#x10DA;&#x10D8;&#x10D0;&#x10DC;&#x10D8;&#x10E1; &#x10E3;&#x10DC;&#x10D8;&#x10D5;&#x10D4;&#x10E0;&#x10E1;&#x10D8;&#x10E2;&#x10D4;&#x10E2;&#x10D8;&#x10E1; &#x10D2;&#x10D0;&#x10DB;&#x10DD;&#x10DB;&#x10EA;&#x10D4;&#x10DB;&#x10DA;&#x10DD;&#x10D1;&#x10D0;,</subfield>
    <subfield code="c">2024.</subfield>
  </datafield>
  <datafield tag="300" ind1=" " ind2=" ">
    <subfield code="a">468 &#x10D2;&#x10D5;.;</subfield>
    <subfield code="b">24 &#x10E1;&#x10DB;.</subfield>
  </datafield>
  <datafield tag="504" ind1=" " ind2=" ">
    <subfield code="a">&#x10D1;&#x10D8;&#x10D1;&#x10DA;&#x10D8;&#x10DD;&#x10D2;&#x10E0;.: &#x10D2;&#x10D5;.421-463</subfield>
  </datafield>
  <datafield tag="653" ind1=" " ind2=" ">
    <subfield code="a">&#x10E1;&#x10D0;&#x10DB;&#x10D0;&#x10E0;&#x10D7;&#x10D0;&#x10DA;&#x10D8;</subfield>
  </datafield>
  <datafield tag="700" ind1=" " ind2=" ">
    <subfield code="a">&#x10D2;&#x10D4;&#x10D2;&#x10D4;&#x10DC;&#x10D0;&#x10D5;&#x10D0;, &#x10D3;.</subfield>
    <subfield code="e">&#x10D0;&#x10D5;&#x10E2;&#x10DD;&#x10E0;&#x10D8;</subfield>
    <subfield code="9">9360</subfield>
  </datafield>
  <datafield tag="700" ind1=" " ind2=" ">
    <subfield code="a">&#x10D3;&#x10D4;&#x10DB;&#x10D4;&#x10E2;&#x10E0;&#x10D0;&#x10E8;&#x10D5;&#x10D8;&#x10DA;&#x10D8;,&#x10D0;.</subfield>
    <subfield code="e">&#x10D0;&#x10D5;&#x10E2;&#x10DD;&#x10E0;&#x10D8;</subfield>
    <subfield code="9">27244</subfield>
  </datafield>
  <datafield tag="700" ind1=" " ind2=" ">
    <subfield code="a">&#x10D6;&#x10D0;&#x10DC;&#x10D2;&#x10E3;&#x10E0;&#x10D0;&#x10E8;&#x10D5;&#x10D8;&#x10DA;&#x10D8;, &#x10D6;. &#x10D3;&#x10D0; &#x10E1;&#x10EE;&#x10D5;.</subfield>
    <subfield code="e">&#x10D0;&#x10D5;&#x10E2;&#x10DD;&#x10E0;&#x10D8;</subfield>
    <subfield code="9">27245</subfield>
  </datafield>
  <datafield tag="942" ind1=" " ind2=" ">
    <subfield code="2">udc</subfield>
    <subfield code="c">&#x1CAC;&#x1C98;&#x1C92;&#x1C9C;&#x1C98;</subfield>
  </datafield>
  <datafield tag="952" ind1=" " ind2=" ">
    <subfield code="0">0</subfield>
    <subfield code="1">0</subfield>
    <subfield code="2">udc</subfield>
    <subfield code="4">0</subfield>
    <subfield code="6">342565247922_&#x10E1;19</subfield>
    <subfield code="7">0</subfield>
    <subfield code="9">105910</subfield>
    <subfield code="a">CPL</subfield>
    <subfield code="b">CPL</subfield>
    <subfield code="c">GEN</subfield>
    <subfield code="d">2026-03-30</subfield>
    <subfield code="g">20.00</subfield>
    <subfield code="o">342.565.2(479.22) &#x10E1;-19</subfield>
    <subfield code="p">74200</subfield>
    <subfield code="r">2026-03-30</subfield>
    <subfield code="t">74200</subfield>
    <subfield code="u">&#x10DC;&#x10D0;&#x10E9;&#x10E3;&#x10E5;&#x10D0;&#x10E0;&#x10D8;</subfield>
    <subfield code="w">2026-03-30</subfield>
    <subfield code="y">&#x1CAC;&#x1C98;&#x1C92;&#x1C9C;&#x1C98;</subfield>
    <subfield code="z">20 &#x10DA;.</subfield>
  </datafield>
</record>
